| 000 | 01011cam a2200289 4500 | ||
|---|---|---|---|
| 008 | 090401t1996 xxu||||| |||| 00| 0 eng d | ||
| 020 | _a0070240388 | ||
| 035 | _a(Sirsi) u35294 | ||
| 041 | _aeng | ||
| 050 | _a692.8 | ||
| 100 | _aGodfrey, K. | ||
| 245 | _aPartnering in design and construction. | ||
| 260 |
_aNew York _bMcGraw-Hill _c1996 |
||
| 300 | _axxi,305p. ; 24cm. | ||
| 350 | _a36.95 | ||
| 520 | _aAn American textbook describing the process of partnering and the benefits to be gained. Illustrated by case studies, this work includes chapters on project management, alternative dispute resolution and the future of partnering for the construction industry. | ||
| 650 | _aALTERNATIVE DISPUTE RESOLUTION | ||
| 650 | _aCONSTRUCTION INDUSTRY | ||
| 650 | _aCONTRACTORS | ||
| 650 | _aPARTNERING | ||
| 650 | _aPARTNERSHIPS | ||
| 650 | _aPROJECT PARTNERING | ||
| 650 | _aSTRATEGIC PARTNERING | ||
| 690 | _aBUILT ENVIRONMENT-BUILDING CONTRACT FORMS | ||
| 942 | _n0 | ||
| 948 | _c04/03/1997 | ||
| 999 |
_c90088 _d90088 |
||